Agrumes : Comment les choisir et les cultiver facilement
Des conseils pour cultiver dans son jardin ou en pot bergamotier, cédratier, oranger, citronnier, pomelo, mandarinier, etc. Pour chaque genre sont indiqués ses conditions particulières de culture, sa résistance au froid, son aptitude à la culture en pleine terre ou en pot, la date de maturité...
Đã lưu trong:
| 主要作者: | |
|---|---|
| 格式: | 图书 |
| 语言: | Undetermined |
| 出版: |
Paris
Ulmer
2002
|
| 主题: | |
| 标签: |
添加标签
没有标签, 成为第一个标记此记录!
|
| Thư viện lưu trữ: | Trung tâm Học liệu Trường Đại học Cần Thơ |
|---|
| LEADER | 00926nam a2200205Ia 4500 | ||
|---|---|---|---|
| 001 | CTU_192343 | ||
| 008 | 210402s9999 xx 000 0 und d | ||
| 082 | |a 634.3 | ||
| 082 | |b B121 | ||
| 100 | |a Baches, Benedicte | ||
| 245 | 0 | |a Agrumes : | |
| 245 | 0 | |b Comment les choisir et les cultiver facilement | |
| 245 | 0 | |c Benedicte Baches, Michel Baches | |
| 260 | |a Paris | ||
| 260 | |b Ulmer | ||
| 260 | |c 2002 | ||
| 520 | |a Des conseils pour cultiver dans son jardin ou en pot bergamotier, cédratier, oranger, citronnier, pomelo, mandarinier, etc. Pour chaque genre sont indiqués ses conditions particulières de culture, sa résistance au froid, son aptitude à la culture en pleine terre ou en pot, la date de maturité de ses fruits sous le climat français et leur utilisation possible. | ||
| 650 | |a Agrumiculture,Cây có múi | ||
| 904 | |i Trúc | ||
| 980 | |a Trung tâm Học liệu Trường Đại học Cần Thơ | ||